000 01170nam a22004330a 4500
001 PT32417
003 AR-LpoUNG
005 20210131225943.0
008 191001s2004||||ag |||||||||||||||||spa d
020 _a9509217840
_c$9.30
040 _aAR-LpoUNG
_bspa
_cAR-LpoUNG
_eaacr
041 _aspa
044 _aag
082 0 _a982.04 355rui
100 1 _aSchmit, Roberto
245 1 0 _aRuina y resurrección en tiempos de guerra :
_bsociedad, economía y poder en el oriente entrerriano posrevolucionario : 1810-1852
250 _a1ra ed.
260 _aBuenos Aires :
_bPrometeo,
_c2004.
300 _a295 p. :
_btbls., gráfs., mapas
650 4 _aAMBIENTE RURAL
650 4 _aANALISIS HISTORICO
650 4 _aARGENTINA
650 4 _aASPECTOS ECONOMICOS
650 4 _aASPECTOS FINANCIEROS
650 4 _aCOLONIALISMO
650 4 _aCOMERCIO
650 4 _aESTADO
650 4 _aGUERRA
650 4 _aHACIENDA PUBLICA
650 4 _aHISTORIA
650 4 _aHISTORIA ECONOMICA
650 4 _aHISTORIA POLITICA
650 4 _aPODER POLITICO
650 4 _aSOCIEDAD
651 4 _aArgentina
653 _aINSERCION
905 _a32417
942 _cLIB
999 _c690
_d690